Country im thinking of (fixed) - Statistics

General Stats
  • This quiz has been taken 19 times
  • The average score is 9 of 12
Answer Stats
Question Answer % Correct
Most populated country currently India
100%
First of all, The biggest country Russia
100%
Land of the Rising Sun Japan
94%
Smallest country? Vatican City
94%
Has alot of spiders.. I mean Alot Australia
89%
Cristiano Ronaldo. Portugal
89%
Their shape on a map looks really elongated Chile
72%
Theyre kinda like in a debate rn with the us about their island
(had to bring this up sorry lol)
Denmark
56%
Pretty known for being really muslim and likes noodles Indonesia
50%
So apparentlyyyy people mistaken this country to a movie Madagascar
44%
Most Mountainous country in the world Bhutan
33%
This Country Man.. They be naming their villages
Banana, Paris, London, even poland but ig its history
Kiribati
33%
No matching quizzes found
Score Distribution
Percent of People with Each Score
Percentile by Number Answered
Your Score History
You have not taken this quiz